000
00332nam a22001457a 4500
008
221207b ||||| |||| 00| 0 eng d
020
_a
9781121584877
041
_a
eng
080
_a
330.722
082
_a
330.722MAL
100
_a
23.2
101
_a
KONT
245
_a
GLOBAL ACCOUNTING PERSPECTIVES
_c
MALONE D
942
_2
udc
_c
BK
999
_c
59121
_d
59121